| 000 | 01738nam a2200253Ia 4500 | ||
|---|---|---|---|
| 008 | 0000001989 sp ad 0000000000spa00 | ||
| 020 | _a8474835534 | ||
| 090 | _aPSP00 C63a | ||
| 100 | 1 | _aCohen, Marcel | |
| 245 | 1 | 0 |
_aAntonio Saura _b: pinturas 19561985 _c/ textos Marcel Cohen y Rainer Michael Mason ; traducción Antonio Saura, Inmaculada Pérez y Aparicio ; fotografía Alberto Schommer y Jean Bescós |
| 300 |
_a203 p. _c/ 31 cm. |
||
| 500 | _aExposición realizada en: Musée Rath, Musée d'art et d'histoire, Ginebra, junio 16 a septiembre 17 de 1980; Instituto Valenciano de Arte Moderno, Centre Julio González, Valencia, septiembre 27 a noviembre 26 de 1989; Centro de Arte Reina Sofía, Madrid, enero 10 a marzo 19 de 1990; Stadtische Galerie im Lenbachhaus, Munich, abril 4 a junio 4 de 1990 y Musée d'art moderne, Réfectoire des Jacobins, finales de junio a septiembre 16 de 1990 \ Registro auspiciado por la FGAA. Bogotá | ||
| 501 | _aPor cuatro caminos / Rainer Michael Mason Iniciales / Antonio Saura Claves de redacción La semana comienza mal / Marcel Cohen Saura o la clausura / Tomás Llorens El sobrecogimiento / Rainer Michael Mason | ||
| 600 | 0 | 0 |
_aSAURA, ANTONIO, 19301998/ _xTRABAJOS PICTORICOS |
| 650 | 1 | 4 | _aARTE CONTEMPORANEO ESPAÑOL |
| 650 | 1 | 4 | _aARTISTAS PLASTICOS ESPAÑOLES EXPOSIONES |
| 650 | 1 | 4 | _xCATALOGOS |
| 650 | 1 | 4 | _xEXPOSICIONES |
| 650 | 1 | 4 | _aPINTORES ESPAÑOLES |
| 650 | 1 | 4 | _aPINTURA AL OLEO |
| 650 | 1 | 4 | _aPINTURA ESPAÑOLA |
| 700 | 1 | _aMason, Rainer Michael \ Saura, Antonio, 19301998. \ Pérez y Aparicio, Inmaculada, tr \ Schommer, Alberto \ Bescós, Jean \ Llorens, Tomás | |
| 999 |
_c11020 _d11020 |
||
| 260 |
_aMadrid : Centro de Cultura, Centro de Arte Reina Sofía _c1989 |
||